Capitales del Medio Oriente - Estadísticas

Estadísticas generales
  • Esta prueba ha sido intentada 5.764 veces
  • La puntuación promedio es 13 de 16
Respuestas en el mapa
Las respuestas están codificadas por una escala verde-roja en el mapa de la prueba según el % correcto abajo.
 
Estadísticas de respuestas
País Capital % Correcto
Egipto El Cairo
97%
Turquía Ankara
94%
Israel / Palestina Jerusalén
90%
Irán Teherán
87%
Emiratos Árabes Unidos Abu Dabi
85%
Irak Bagdad
84%
Kuwait Kuwait
84%
Siria Damasco
83%
Chipre Nicosia
83%
Catar Doha
81%
Arabia Saudita Riad
81%
Líbano Beirut
79%
Jordania Amán
67%
Yemen Saná
61%
Omán Mascate
56%
Baréin Manama
54%
No se encontraron pruebas coincidentes
Distribución de puntuación
Porcentaje de gente con cada puntuación
Porcentaje por número respondido
Historial de tus puntuaciones
No has intentado esta prueba.